Southville International School and Colleges
Your cart is empty.
  • Cart
  • Lists
    Public lists Eva Luna New books Lux_list list_1
    Your lists Log in to create your own lists
  • Log in to your account
  • Your cookies
  • Search history
Southville International School and Colleges
  • Advanced search
  • Recent comments
  • Most popular
  • Libraries

Log in to your account

Log in with GOOGLE


If you do not have an external account, but do have a local account, you can still log in:

  1. Home
  2. MARC view: The 7 habits of highly effective people :
Normal view MARC view ISBD view

The 7 habits of highly effective people : (Record no. 288287)

[ view plain ]
MARC details
000 -LEADER
fixed length control field 01180cam a22003014i 4500
001 - CONTROL NUMBER
control field 17985159
003 - CONTROL NUMBER IDENTIFIER
control field PILC
005 - DATE AND TIME OF LATEST TRANSACTION
control field 20160318082957.0
008 - FIXED-LENGTH DATA ELEMENTS--GENERAL INFORMATION
fixed length control field 131230s2013 nyua 001 0 eng
010 ## - LIBRARY OF CONGRESS CONTROL NUMBER
LC control number 2013431161
020 ## - INTERNATIONAL STANDARD BOOK NUMBER
International Standard Book Number 9781451639612 (pbk.)
040 ## - CATALOGING SOURCE
Original cataloging agency DLC
Language of cataloging eng
Transcribing agency DLC
Description conventions rda
050 00 - LIBRARY OF CONGRESS CALL NUMBER
Classification number BF 637.S8
Item number .C68 2013
100 1# - MAIN ENTRY--PERSONAL NAME
Personal name Covey, Stephen R.
245 14 - TITLE STATEMENT
Title The 7 habits of highly effective people :
Remainder of title powerful lessons in personal change /
Statement of responsibility, etc Stephen R. Covey.
246 3# - VARYING FORM OF TITLE
Title proper/short title Seven habits of highly effective people
250 ## - EDITION STATEMENT
Edition statement 25th anniversary edition.
260 ## - PUBLICATION, DISTRIBUTION, ETC. (IMPRINT)
Place of publication, distribution, etc NY :
Name of publisher, distributor, etc Simon & Schuster,
Date of publication, distribution, etc 2013.
300 ## - PHYSICAL DESCRIPTION
Extent xxx, 391 pages :
Other physical details illustrations ;
Dimensions 22 cm.
500 ## - GENERAL NOTE
General note Previously published: New York : Free Press, c2004.
500 ## - GENERAL NOTE
General note This edition has a new foreword by Jim Collins, a family tribute by Covey's children, and "A final interview with Stephen R. Covey."
500 ## - GENERAL NOTE
General note Includes index.
650 #0 - SUBJECT ADDED ENTRY--TOPICAL TERM
Topical term or geographic name as entry element Success
General subdivision Psychological aspects.
650 #0 - SUBJECT ADDED ENTRY--TOPICAL TERM
Topical term or geographic name as entry element Character.
906 ## - LOCAL DATA ELEMENT F, LDF (RLIN)
a 7
b cbc
c origcop
d 2
e ncip
f 20
g y-gencatlg
942 ## - ADDED ENTRY ELEMENTS (KOHA)
Source of classification or shelving scheme Library of Congress Classification
Koha item type Books
Call number prefix Foreign
Holdings
Withdrawn status Lost status Source of classification or shelving scheme Damaged status Home library Current library Shelving location Date acquired Source of acquisition Total Checkouts Total Renewals Full call number Barcode Date last seen Date checked out Price effective from Koha item type Public note Sub Shelving location
Withdrawn Lost and Paid For Library of Congress Classification   College Library College Library Reserve Section 06/30/2015 Library Fund 1 74 BF 637.S8 .C68 2013 C19588 08/14/2018 08/14/2018 06/30/2015 Books Lost and paid AY 2018-2019  
    Library of Congress Classification   Luxembourg Library Luxembourg Library High School Section 09/15/2015 Library Fund 5 6 BF 637.S8 .C68 2013 20117 08/28/2019 08/14/2019 09/15/2015 Books    

The 7 habits of highly effective people :

APA

Covey S. R., . (2013). The 7 habits of highly effective people. NY: Simon & Schuster.

Chicago

Covey Stephen R, . 2013. The 7 habits of highly effective people. NY: Simon & Schuster.

Harvard

Covey S. R., . (2013). The 7 habits of highly effective people. NY: Simon & Schuster.

MLA

Covey Stephen R, . The 7 habits of highly effective people. NY: Simon & Schuster. 2013.

  • Place hold
  • Print
  • Cite
  • Add to your cart (remove)
  • Save record
    BIBTEX Dublin Core MARCXML MARC (non-Unicode/MARC-8) MARC (Unicode/UTF-8) MARC (Unicode/UTF-8, Standard) MODS (XML) RIS
  • More searches
    Search for this title in:
    Other Libraries (WorldCat) Other Databases (Google Scholar) Online Stores (Bookfinder.com) Open Library (openlibrary.org)

Exporting to Dublin Core...

SOUTHVILLE LIBRARY

Southville International School and Colleges Library

1281 Tropical Ave. Cor. Luxembourg St., BF Homes International, Las Pinas City

Tel. No. 8256374 / 252358 Loc. 117/146

Powered by Koha